00409nam a2200181Ia 4500008004100000020001800041050001400059100001500073245002500088245001500113260001500128260001600143260000900159300001400168300002700182300001000209500000800219170918s9999 xx 000 0 und d a9780545487924 bB845 2011 aBrett, Jan aHome for Christmas / cJan Brett. aNew York : bScholastic, c2011 aunpaged : bcolored illustration ; c25cm. a780